01289nab a2200229 i 4500001000400000003000400004005001700008008003900025040000800064041001300072044000800085080001700093100015600110245025100266260001000517500002100527520021600548650004100764650001600805700011500821773012300936BPPBPK20190610114405.0141210s2006 pl | | |000 ||eng cBPK aengbpol aPOL a629.922/.924 aSŁOWIŃSKI, Bronisław.d1996 - .bPolitechnika Koszalińska - Wydział Mechaniczny,cKatedra Inżynierii Produkcji, Zakład Metrologii i Jakości aEffectiveness of grinding processes for grinding wheels made of modified abrasive type SG (Seeded Gel) = bEfektywność procesu szlifowania ściernicami z modyfikowanym ścierniwem typu SG (Seeded Gel) /cBronisław Słowiński, Jan Markul. c2006. aDane z autopsji. aW pracy podano wyniki badań porównawczych efektywności szlifowania wewnętrznych powierzchni walcowych ściernicami z mikrokrystalicznego korundu spiekanego typu SG oraz ścierniwa konwencjonalnego 99A. 0aSzlifowanie - narzędzia i maszyny. 0aŚciernica aMARKUL, Jan.d1996 - 2008.bPolitechnika Koszalińska - Wydział Mechaniczny,cKatedra Inżynierii Produkcji iW :tAdvances in Manufacturing Science and Technology = Postępy Technologii Maszyn. -g2006, Vol. 30, nr 2, s. 37-46